History of the voyages and discoveries made in the North. Translated from the german of John Reinhold Forster, I.U.D. and elucidated by several new and original maps

Saved in:
Bibliografiske detaljer
Hovedforfatter: Forster, John Reinhold (Author)
Format: Bog
Sprog:engelsk
Udgivet: Londres G. G. J. and J. Robinson 1786
Udgivelse:1a. ed
Fag:
Tags: Tilføj Tag
Ingen Tags, Vær først til at tagge denne postø!

MARC

LEADER 00000nam a2200000 a 4500
001 UCJ6035
003 CL-VaPUC
008 070124e17860000UK |||||||||||||||||eng|d
082 0 4 |a 910.4  |b FOR  |2 21 
100 0 |a Forster, John Reinhold  |e author  |9 512216 
245 1 0 |a History of the voyages and discoveries made in the North. Translated from the german of John Reinhold Forster, I.U.D. and elucidated by several new and original maps 
250 |a 1a. ed 
300 |a xvi, 489 p 
942 |c BK 
945 |d 20070124 00:00:00  |a rinostro 
260 |a Londres  |b G. G. J. and J. Robinson  |c 1786 
500 |a Front., mapa del Polo Norte; p.74, mapa de Europa; al final, mapa de Asia. Advierte errata 
650 0 |a Viajes  |9 257115 
650 0 |a Descubrimientos geográficos  |9 331933 
650 7 |a FENICIOS  |2 CL-VaPUC  |9 512217 
650 7 |a GRIEGOS  |2 CL-VaPUC  |9 318981 
650 0 |a Mapas  |9 260844 
651 0 |a Asia  |9 268338 
651 0 |a África  |9 256790 
651 0 |a Europa  |9 255156 
583 |a last modification  |c 20070124 00:00:00  |k Rodrigo Vera 
999 |c 322143  |d 322141 
952 |0 0  |1 0  |4 0  |6 910_400000000000000_FOR_1786  |7 0  |8 X  |9 401067  |a FDOBUD  |b FDOBUD  |d 2019-11-22  |i 1042890  |o 910.4 FOR 1786  |p 1042890  |r 2019-11-22  |w 2019-11-22  |y BK_X  |k BUD